| 000 | 00409nam a2200181Ia 4500 | ||
|---|---|---|---|
| 008 | 210210b1957 xxu||||| |||| 00| 0 eng d | ||
| 041 | _aeng | ||
| 082 | _a534/122 | ||
| 100 | _aWINSTANLEY (J W) | ||
| 245 | _aTextbook on sound | ||
| 260 |
_aLondon _bLongman Green & Co Ltd., _c1957 |
||
| 300 | _axi,239 | ||
| 650 | _aTextbook | ||
| 650 | _asound | ||
| 650 | _aon | ||
| 690 | _aSound | ||
| 906 | _a008610 | ||
| 999 |
_c126572 _d126572 |
||